Score 0/16 Timer 02:00
0 Plays Today
Hint College % Correct
KUEDDuke
98.5%
NOSTBO LEEGCLOBoston College
80.6%
ROTHN INACORLANorth Carolina
79%
RONTE MEADNotre Dame
77%
ADNLRYAMMaryland
71.9%
AWEK RTOFSEWake Forest
69.6%
LNVIALVOAVillanova
64.3%
OGNAAGZGonzaga
60.7%
Hint College % Correct
HINGIMACMichigan
50.7%
NICNICTINACincinnati
49.1%
HEPSMMIMemphis
41.2%
YARBLOBaylor
40.3%
DORFSNATStanford
37.7%
NMOLESCClemson
35.3%
LITBREDNVAVanderbilt
32.6%
WGGONEOETRGeorgetown
17.6%
Remove Ads.
Support Sporcle.
Get the best of Sporcle when you Go Orange. This ad-free experience offers more features, more stats, and more fun while also helping to support Sporcle. Thank you for becoming a member.

You're not logged in!

Compare scores with friends on all Sporcle quizzes.
OR
Log In

Show Comments

Extras

Top Quizzes Today


Score Distribution

Your Account Isn't Verified!

In order to create a playlist on Sporcle, you need to verify the email address you used during registration. Go to your Sporcle Settings to finish the process.

Report this User

Report this user for behavior that violates our Community Guidelines.

Details: